000 00539nam a2200193Ia 4500
005 20250508155810.0
008 008 250505s9999 xx 000 0 hin d
037 _aTextual
040 _aFEDL
_beng
_cFEDL
041 _ahin
_2eng
084 _a300.7, GUP
_qFEDL
100 _aGupt Bejnath
_9767531
245 0 _aHumare desh ke log
260 _aDelhi, India
_bIndian Publishing House
_c1960
300 _a136p.
650 _aSocial Science - Teaching
_9756799
942 _cTEXL
_h300.7, GUP
999 _c1359338
_d1359338